FC Barcelona Femeni Squad 25-26 - Statistics

General Stats
  • This quiz has been taken 23 times
  • The average score is 16 of 21
Answer Stats
Jersey Number Position Player Nationality % Correct
14 MF Aitana Bonmatí Spain
100%
11 MF Alexia Putellas Spain
95%
10 FW Caroline Graham Hansen Norway
95%
13 GK Cata Coll Spain
90%
9 FW Cláudia Pina Spain
85%
17 FW Ewa Pajor Poland
85%
22 DF Ona Batlle Spain
85%
2 DF Irene Paredes Spain
80%
18 MF Kika Nazareth Portugal
80%
4 DF Mapi León Spain
80%
7 FW Salma Paralluelo Spain
80%
19 MF Vicky López Spain
80%
12 MF Patri Guijarro Spain
75%
24 DF Esmee Brugts Netherlands
65%
1 GK Gemma Font Spain
65%
8 DF Marta Torrejón Spain
65%
23 DF Aïcha Camara Spain
60%
16 MF Clara Serrajordi Spain
60%
6 MF Sydney Schertenleib Switzerland
60%
5 DF Laia Aleixandri Spain
55%
DT Pere Romeu Spain
55%
No matching quizzes found
Score Distribution
Percent of People with Each Score
Percentile by Number Answered
Your Score History
You have not taken this quiz